Công nghiệp hóa chất
Đã lưu trong:
| Formáid: | Leabhar |
|---|---|
| Teanga: | Undetermined |
| Foilsithe: |
Hà Nội
Tổng công ty hóa chất Việt Nam
2018
|
| Ábhair: | |
| Clibeanna: |
Cuir Clib Leis
Gan Chlibeanna, Bí ar an gcéad duine leis an taifead seo a chlibeáil!
|
| Thư viện lưu trữ: | Trung tâm Học liệu Trường Đại học Cần Thơ |
|---|
| LEADER | 00564nam a2200181Ia 4500 | ||
|---|---|---|---|
| 001 | CTU_235253 | ||
| 008 | 210402s9999 xx 000 0 und d | ||
| 020 | |c 20000 | ||
| 082 | |a 661 | ||
| 082 | |b C455 | ||
| 245 | 0 | |a Công nghiệp hóa chất | |
| 245 | 0 | |c Tổng công ty hóa chất Việt Nam | |
| 260 | |a Hà Nội | ||
| 260 | |b Tổng công ty hóa chất Việt Nam | ||
| 260 | |c 2018 | ||
| 650 | |a Chemical industry,Công nghiệp hóa chất | ||
| 904 | |i T.Trang | ||
| 980 | |a Trung tâm Học liệu Trường Đại học Cần Thơ | ||